• 首页
  • 本馆介绍
  • 公告通知
  • 最新文献
  • 馆藏检索
  • 电子资源
  • 读者导购
  • 参考咨询
  • 我的图书馆
  • 登录
  • 详细信息显示
  • 放入我的书架
  • 预约/预借图书
  • 作者相关作品
  • 分类相关作品
  • 丛书相关作品
  • 出版社相关作品

书目信息

  • 表格格式
  • 工作单格式
  • 卡片格式
题名:
美是幸福的时刻
    
 
作者: 舒可文 著 ;曹小冬 图
分册:  
出版信息: 北京   中国人民大学出版社  2017
页数: 102页
开本: 20cm
丛书名: 爱智书系
单 册:
中图分类: B83-49 , I267.1
科图分类:
主题词: 美学--mei xue--通俗读物
电子资源:
ISBN: 978-7-300-24949-0
000 01267nam 2200301 450
001 012001002222
005 20130122114808.0
010    @a978-7-300-24949-0@b精装@dCNY20.00
099    @aCAL 012017163039
100    @a20171027d2017 em y0chiy50 ea
101 0  @achi
102    @aCN@b110000
105    @aa z 000yy
106    @ar
200 1  @a美是幸福的时刻@Amei shi xing fu de shi ke@f舒可文著@g曹小冬图
210    @a北京@c中国人民大学出版社@d2017
215    @a102页@c图@d20cm
225 2  @a爱智书系@Aai zhi shu xi
300    @a北京市绿色印刷工程——优秀青少年读物绿色印刷师范项目 精装版
330    @a本书内容:当我们为一种美而屏住呼吸,或尖叫、或落泪的时刻,那打动我们的究竟是什么?在万物表面呈现给我们的样子之外,是否还存在着另外一种真实?什么是美?什么是艺术?什么是艺术家?为什么我们的生活离不开美、离不开艺术的滋养?这本小书带给你的不单是美学的知识和常识,还有美的享受。从作者心泉泊泊流溢的文字 清新、蕴藉、隽永,带领你认识美、领略美、咏叹美,并在感受到美的那一刻体验到幸福!
410  0 @12001 @a爱智书系
606 0  @a美学@Amei xue@j通俗读物
690    @aB83-49@v5
690    @aI267.1@v5
701  0 @a舒可文@Ashu ke wen@4著
702  0 @a曹小冬@Acao xiao dong@4图
801  2 @aCN@b江苏凤凰@c20191020
905    @b1215169-72@dB83-49@e374@f4
    
    美是幸福的时刻/舒可文著/曹小冬图.-北京:中国人民大学出版社,2017
    102页:图;20cm.-(爱智书系)
    北京市绿色印刷工程——优秀青少年读物绿色印刷师范项目 精装版
    
    ISBN 978-7-300-24949-0(精装):CNY20.00
    本书内容:当我们为一种美而屏住呼吸,或尖叫、或落泪的时刻,那打动我们的究竟是什么?在万物表面呈现给我们的样子之外,是否还存在着另外一种真实?什么是美?什么是艺术?什么是艺术家?为什么我们的生活离不开美、离不开艺术的滋养?这本小书带给你的不单是美学的知识和常识,还有美的享受。从作者心泉泊泊流溢的文字 清新、蕴藉、隽永,带领你认识美、领略美、咏叹美,并在感受到美的那一刻体验到幸福!
●
相关链接 在E读中查询图书 在五车中查询图书 在当当中查询图书 在豆瓣中查询图书


正题名:美是幸福的时刻     索取号:B83-49/374         预约/预借

序号 登录号 条形码 馆藏地/架位号 状态 备注
1 1215169   212151696   第一样本阅览室/ [索取号:B83-49/374] 在馆    
2 1215170   212151703   教育系资料室/ [索取号:B83-49/374] 在馆    
3 1215171   212151712   教育系资料室/ [索取号:B83-49/374] 在馆    
4 1215172   212151721   第一借阅区/ [索取号:B83-49/374] 已借出,限还日期为2025.10.02
借出人:周凤松  
 
唐山师范学院图书馆 欢迎您!
大连网信软件有限公司© 版权所有